Detalles MARC
| 000 -LIDER |
| fixed length control field |
01240nam a22003137a 4500 |
| 003 - IDENTIFICACDOR DE NÚMERO DE CONTROL |
| control field |
DO-SdBNP |
| 005 - DATE AND TIME OF LATEST TRANSACTION |
| control field |
20180312153542.0 |
| 008 - ELEMENTOS DE LONGITUD FIJA |
| fixed length control field |
160509b 2000 dr 00| 0 spa d |
| 040 ## - FUENTE DE CATALOGACIÓN |
| Agencia que crea de manera original el registro |
BPMSU |
| Idioma de catalogación |
spa |
| Agencia que realiza la transcripción |
BPMSU |
| 082 #4 - NÚMERO DE CLASIFICACIÓN DECIMAL DE DEWEY |
| Classification number |
372.5 |
| Item number |
M722e, 8vo. [20--] |
| 100 1# - ASIENTO PRINCIPAL -- NOMBRE PERSONAL |
| Nombre personal |
Molinaza, José |
| 245 1# - MENCIÓN DE TITULO |
| Título |
Educación artística 8 / |
| Mención de responsabilidad |
José Molinaza, María Soledad Lockhart, Rene Montilla ; ilustraciones Fausto Liriano, Henry Brito |
| 260 0# - PUBLICACIÓN, DISTRIBUCIÓN, ETC. (PIE DE IMPRENTA) |
| Lugar de publicación, distribución, etc |
Santo Domingo : |
| Nombre del editor, distribuidor, etc. |
Secretaría de Estado de Educación ; |
| Fecha de publicación, distribución, etc |
2000. |
| Fecha de impresión |
(reimpresión, 2013) |
| 300 ## - DESCRIPCIÓN FÍSICA |
| Extensión |
260 p. : |
| Otros detalles físicos |
il. ; |
| Dimensiones |
27 cm. |
| 500 ## - NOTA GENERAL |
| Nota general |
La biblioteca posee la reimpresión del 2013 |
| 650 #4 - ENCABEZAMIENTO DE MATERIA--TEMÁTICO |
| Término temático o nombre geográfico como elemento de entrada |
ARTE |
| Subdivisión temática general |
ENSEÑANZA BÁSICA |
| Subdivisión geográfica |
REPÚBLICA DOMINICANA |
| 650 #4 - ENCABEZAMIENTO DE MATERIA--TEMÁTICO |
| Término temático o nombre geográfico como elemento de entrada |
ARTE |
| Subdivisión temática general |
ENSEÑANZA |
| -- |
LIBROS DE TEXTOS |
| 650 #4 - ENCABEZAMIENTO DE MATERIA--TEMÁTICO |
| Término temático o nombre geográfico como elemento de entrada |
ARTE |
| Subdivisión temática general |
ENSEÑANZA |
| -- |
ESTUDIOS Y EJERCÍCIOS |
| 650 #4 - ENCABEZAMIENTO DE MATERIA--TEMÁTICO |
| Término temático o nombre geográfico como elemento de entrada |
ARTE |
| Subdivisión temática general |
ENSEÑANZA |
| -- |
EDUCACIÓN PRIMARIA |
| 650 #4 - ENCABEZAMIENTO DE MATERIA--TEMÁTICO |
| Término temático o nombre geográfico como elemento de entrada |
EDUCACIÓN PRIMARIA |
| Subdivisión geográfica |
REPÚBLICA DOMINICANA |
| 700 12 - ASIENTO SECUNDARIO -- NOMBRE PERSONAL |
| Nombre personal |
Lockhart, María Soledad |
| 700 12 - ASIENTO SECUNDARIO -- NOMBRE PERSONAL |
| Nombre personal |
Montilla, René |
| 700 12 - ASIENTO SECUNDARIO -- NOMBRE PERSONAL |
| Nombre personal |
Liriano, Fausto, |
| Mención de responsabilidad |
il. |
| 700 12 - ASIENTO SECUNDARIO -- NOMBRE PERSONAL |
| Nombre personal |
Brito, Henry, |
| Mención de responsabilidad |
il. |
| 910 ## - VALIDACIÓN |
| Validación |
Validado. Control de calidad MFF |
| 942 ## - ADDED ENTRY ELEMENTS (KOHA) |
| Source of classification or shelving scheme |
Dewey Decimal Classification |
| Koha item type |
Libros |
| 945 ## - INFORMACIÓN DE PROCESAMIENTO LOCAL |
| Información de procesamiento local |
inventariado, 2018 / dg Remanejada para la BNPHU 2018 / BT |
| 956 ## - LOCAL ELECTRONIC LOCATION AND ACCESS (OCLC) |
| Nombre de host |
BTAVÁREZ |
| Número de acceso |
10 |
| Trayectoria |
BPMSU |
| Información de compresión |
20180307 |
| Nombre Electrónico |
0038 |